Audiencia y valoración de medios (Record no. 51160)

MARC details
000 -LEADER
campo de control de longitud fija 00620nam a2200169 i 4500
001 - NÚMERO DE CONTROL
campo de control 51160
003 - IDENTIFICADOR DE NÚMERO DE CONTROL
campo de control ES-MaACL
005 - FECHA Y HORA DE LA ÚLTIMA TRANSACCIÓN
campo de control 20230906162318.0
007 - CAMPO FIJO DE DESCRIPCIÓN FÍSICA--INFORMACIÓN GENERAL
campo de control de longitud fija t|
008 - DATOS DE LONGITUD FIJA--INFORMACIÓN GENERAL
campo de control de longitud fija 030811s1963 sp ||||1| spa d
100 1# - ENTRADA PRINCIPAL--NOMBRE DE PERSONA
Nombre de persona Cuervo Rodríguez, Raúl.
9 (RLIN) 42028
245 10 - MENCIÓN DEL TÍTULO
Título Audiencia y valoración de medios
Resto del título : investigación de la penetración publicitaria por Taymer /
Mención de responsabilidad, etc. [directores: Raúl Cuervo Rodríguez, Mario Martínez Tercero].
260 ## - PUBLICACIÓN, DISTRIBUCIÓN, ETC.
Lugar de publicación, distribución, etc. Madrid :
Nombre del editor, distribuidor, etc. B. S. de Publicaciones,
Fecha de publicación, distribución, etc. 1963.
300 ## - DESCRIPCIÓN FÍSICA
Extensión 296 p. :
Otras características físicas 15 gráf. ;
Dimensiones 30 cm.
700 1# - ENTRADA AGREGADA--NOMBRE PERSONAL
Nombre de persona Martínez Tercero, Mario.
9 (RLIN) 78442
852 ## - LOCALIZACIÓN
Ubicación ES-MaACL
Número de control de estantería C-24274
Sublocalización o colección R.53235
Holdings
Estatus retirado Estado de pérdida Estado de daño No para préstamo Biblioteca de origen Biblioteca actual Ubicación en estantería Fecha de adquisición Fuente de adquisición Total de préstamos Signatura topográfica completa Código de barras Visto por última vez Precio de reemplazo Tipo de ítem Koha
        Biblioteca del Ateneo de Madrid Biblioteca del Ateneo de Madrid Depósito 2 17/01/2008     C-24274 1053811 23/02/2023 23/02/2023 Libro impreso